| 000 | 00416nam a22001691a 4500 | ||
|---|---|---|---|
| 020 | _a9788170813743 | ||
| 082 |
_aS 294.551 2 _bUMA/P |
||
| 100 |
_a Umakanth Dha _9144188 |
||
| 245 |
_aPrasna vishnava/ _cby Umakanth Dha. |
||
| 260 |
_aDelhi: _bNag, _c1997. |
||
| 300 | _a238p. | ||
| 500 | _aUmakanth Dha | ||
| 650 |
_aVishnuism _9144189 |
||
| 650 |
_aHinduism _9144190 |
||
| 650 |
_aReligion _9144191 |
||
| 942 | _cBK | ||
| 999 |
_c35662 _d35662 |
||